Compendio Laboral correlacionado 2021 Tomo I

Detalles Bibliográficos
Autor principal: Přez Chv̀ez, Još
Otros Autores: Fol Olgun̕, Raymundo
Formato: eBook
Lenguaje:español
Publicado: Ciudad de Mx̌ico: Tax Editores, 2021
Materias:
Acceso en línea:Acceso restringido

MARC

LEADER 00000nam a22000007a 4500
005 2021051904264.0
007 cr|||| |||
008 210519s2021 mx |||||s|||| 00||0 spa d
020 |a 978-607-629-645-5 
035 |a 33501 
040 |a vLex 
090 |c 11731  |d 11731 
100 1 |a Přez Chv̀ez, Još 
245 1 0 |a Compendio Laboral correlacionado 2021  |h [Recurso electrn̤ico] /  |c Jos ̌Přez Chv̀ez, Raymundo Fol Olgun̕  |n Tomo I 
256 |a Servicio en ln̕ea 
260 |a Ciudad de Mx̌ico:  |b Tax Editores,  |c 2021 
300 |a 1 recurso electrn̤ico 
506 1 |a Disponible solo en los productos indicados  |d vLex Global  |d vLex Global (Academic Edition, excluding Law Schools)  |d vLex Global (U.S. Academic Edition, Law Schools)  |d vLex Global (U.S. Academic Edition, excluding Law Schools)  |d vLex Global (Academic Edition, Law Schools) 
650 0 4 |a Derecho Laboral y Seguridad Social  |z Mx̌ico 
700 |a Fol Olgun̕, Raymundo 
740 0 |a vLex Libros (Servicio en ln̕ea) 
856 4 0 |u https://vlex.com/source/compendio-laboral-correlacionado-2021-tomo-i-33501  |z Acceso restringido 
942 |c BOOK 
999 0 |a Labor law and social security